000 00187nam a2200085Ia 4500
008 180219s9999 xx 000 0 und d
100 _aPanday Ranu
245 0 _aParyvren Avam Vikash
260 _aR Lal
260 _c2012
999 _c42549
_d42549